[Event "Titled Tuesday intern op 25th Jan"]
[Site "Chess.com INT"]
[Date "2022.01.25"]
[Round "6"]
[White "Mestnikov, Aisen"]
[Black "Radionov, Timur"]
[Result "1-0"]
[WhiteElo "2101"]
[BlackElo "2200"]
[PlyCount "125"]
[EventDate "2022.01.25"]
[EventType "swiss (blitz)"]
[EventRounds "11"]
[EventCountry "USA"]
[SourceTitle "CBM 206 Extra"]
[Source "ChessBase"]
[SourceDate "2022.03.31"]
[SourceVersion "1"]
[SourceVersionDate "2022.03.31"]
[SourceQuality "1"]

1. d4 Nf6 2. c4 c5 3. d5 d6 4. Nc3 g6 5. e4 Bg7 6. f4 0-0 7. Nf3 e6 8. Be2 exd5 9. cxd5 Re8 10. Qc2 a6 11. a4 Bg4 12. 0-0 Nbd7 13. h3 Bxf3 14. Bxf3 Qc7 15. Re1 Rab8 16. a5 b5 17. axb6 Rxb6 18. Be3 Reb8 19. Ra2 Ne8 20. Bf2 Rb3 21. Bg4 Nef6 22. Bxd7 Nxd7 23. f5 Be5 24. g4 Kg7 25. g5 f6 26. fxg6 hxg6 27. Qc1 Rh8 28. h4 Qd8 29. Rxa6 fxg5 30. Qxg5 Qxg5+ 31. hxg5 Rhb8 32. Nd1 Bxb2 33. Nxb2 Rxb2 34. Rxd6 Ne5 35. Ra1 Nd3 36. Ra7+ R8b7 37. Rxb7+ Rxb7 38. e5 Rb1+ 39. Kg2 Rb2 40. Rd7+ Kf8 41. e6 Rxf2+ 42. Kg3 Re2 43. Rf7+ Ke8 44. Rf6 Ne5 45. d6 Nd7 46. Rxg6 c4 47. Rg8+ Nf8 48. e7 Rxe7 49. dxe7 Kxe7 50. Rg7+ Ke6 51. Rc7 Kf5 52. Rc5+ Kg6 53. Kg4 Ne6 54. Rc6 Kf7 55. Rxc4 Kg6 56. Rc6 Kf7 57. g6+ Kf6 58. Kh5 Ke7 59. Rxe6+ Kxe6 60. Kh6 Kf6 61. Kh7 Kg5 62. g7 Kh5 63. g8Q 1-0

[Event "Titled Tuesday intern op 25th Jan"]
[Site "Chess.com INT"]
[Date "2022.01.25"]
[Round "1"]
[White "Parkhov, Yair"]
[Black "Radionov, Timur"]
[Result "1-0"]
[WhiteElo "2445"]
[BlackElo "2200"]
[PlyCount "57"]
[EventDate "2022.01.25"]
[EventType "swiss (blitz)"]
[EventRounds "11"]
[EventCountry "USA"]
[SourceTitle "CBM 206 Extra"]
[Source "ChessBase"]
[SourceDate "2022.03.31"]
[SourceVersion "1"]
[SourceVersionDate "2022.03.31"]
[SourceQuality "1"]

1. e4 e5 2. Nf3 Nc6 3. Bb5 a6 4. Bxc6 dxc6 5. d3 Bg4 6. h3 Bxf3 7. Qxf3 Qf6 8. Nd2 Qxf3 9. Nxf3 f6 10. Be3 0-0-0 11. Nd2 b6 12. a4 Kb7 13. a5 h5 14. axb6 cxb6 15. Nc4 c5 16. 0-0 Bd6 17. b4 Bc7 18. bxc5 b5 19. c6+ Kxc6 20. Rxa6+ Kd7 21. Nb6+ Bxb6 22. Rxb6 Rc8 23. Ra1 Rxc2 24. Ra8 Rc8 25. Rb7+ Rc7 26. Rbb8 b4 27. Rxb4 Ke7 28. Rbb8 Kf7 29. Rf8+ 1-0

[Event "Titled Tuesday intern op 25th Jan"]
[Site "Chess.com INT"]
[Date "2022.01.25"]
[Round "3"]
[White "Radionov, Timur"]
[Black "Gracia Alvarez, Gerardo Antonio"]
[Result "1-0"]
[WhiteElo "2200"]
[BlackElo "2237"]
[PlyCount "62"]
[EventDate "2022.01.25"]
[EventType "swiss (blitz)"]
[EventRounds "11"]
[EventCountry "USA"]
[SourceTitle "CBM 206 Extra"]
[Source "ChessBase"]
[SourceDate "2022.03.31"]
[SourceVersion "1"]
[SourceVersionDate "2022.03.31"]
[SourceQuality "1"]

1. e4 c5 2. Nc3 Nc6 3. f4 g6 4. Nf3 Bg7 5. Bb5 Nd4 6. 0-0 Nxb5 7. Nxb5 d5 8. exd5 a6 9. Nc3 Nf6 10. d4 Nxd5 11. dxc5 Nxc3 12. Qxd8+ Kxd8 13. bxc3 Bxc3 14. Rb1 Kc7 15. Rb3 Bf6 16. Bd2 Be6 17. Ba5+ Kc8 18. Rb6 Bxa2 19. Rd1 Ra7 20. Ne5 Bxe5 21. fxe5 Bc4 22. Rd4 Bb5 23. Rf4 Rf8 24. e6 f5 25. Rd4 Bc6 26. Rb3 Be4 27. Rb2 Ra8 28. c3 Bc6 29. Bb6 Kb8 30. Rbd2 Rc8 31. Rd8 Bd5 1-0

[Event "Titled Tuesday intern op 18th May"]
[Site "Chess.com INT"]
[Date "2021.05.18"]
[Round "6"]
[White "Radionov, Timur"]
[Black "Golubovskis, Maksims"]
[Result "1-0"]
[WhiteElo "2200"]
[BlackElo "2302"]
[PlyCount "29"]
[EventDate "2021.05.18"]
[EventType "swiss (blitz)"]
[EventRounds "11"]
[EventCountry "USA"]
[SourceTitle "CBM 202 Extra"]
[Source "ChessBase"]
[SourceDate "2021.07.31"]
[SourceVersion "1"]
[SourceVersionDate "2021.07.31"]
[SourceQuality "1"]

1. e4 c5 2. Nc3 d6 3. f4 Nf6 4. Nf3 Nc6 5. Bb5 g6 6. 0-0 Bg7 7. d3 0-0 8. Bxc6 bxc6 9. Qe1 e6 10. f5 d5 11. e5 Nd7 12. f6 Bh8 13. Qh4 h5 14. g4 hxg4 15. Ng5 1-0

[Event "Titled Tuesday intern op 4th Aug 10am"]
[Site "Chess.com INT"]
[Date "2020.08.04"]
[Round "8"]
[White "Zavivaeva, Evelina"]
[Black "Radionov, Timur"]
[Result "0-1"]
[WhiteElo "1619"]
[BlackElo "2200"]
[PlyCount "48"]
[EventDate "2020.08.04"]
[EventType "swiss (blitz)"]
[EventRounds "10"]
[EventCountry "USA"]
[SourceTitle "CBM 197 Extra"]
[Source "ChessBase"]
[SourceDate "2020.09.30"]
[SourceVersion "1"]
[SourceVersionDate "2020.09.30"]
[SourceQuality "1"]

1. e4 e5 2. Nf3 Nc6 3. Bc4 Bc5 4. d3 Nf6 5. c3 0-0 6. Bg5 h6 7. Bh4 Be7 8. 0-0 d6 9. Nbd2 Be6 10. Bb3 Nh5 11. Bxe6 fxe6 12. Bxe7 Qxe7 13. Nxe5 Nxe5 14. Qxh5 Nxd3 15. Nc4 e5 16. Rad1 Nf4 17. Qg4 Rf6 18. Ne3 Rg6 19. Qf3 Rf8 20. Nf5 Rxf5 21. exf5 Rxg2+ 22. Qxg2 Nxg2 23. Kxg2 Qg5+ 24. Kh1 Qxf5 0-1

[Event "Vienna op-A"]
[Site "Vienna"]
[Date "2016.08.20"]
[Round "5"]
[White "Radionov, Timur"]
[Black "Longson, Sarah N"]
[Result "1-0"]
[WhiteElo "2285"]
[BlackElo "2126"]
[PlyCount "91"]
[EventDate "2016.08.16"]
[EventType "swiss"]
[EventRounds "9"]
[EventCountry "AUT"]
[SourceTitle "CBM 173 Extra"]
[Source "ChessBase"]
[SourceDate "2016.08.29"]
[SourceVersion "1"]
[SourceVersionDate "2016.08.29"]
[SourceQuality "1"]

1. e4 e5 2. Nf3 Nc6 3. d4 exd4 4. Bc4 Nf6 5. e5 d5 6. Bb5 Ne4 7. Nxd4 Bc5 8. Be3 0-0 9. Nxc6 bxc6 10. Bxc5 Nxc5 11. Bxc6 Rb8 12. Qxd5 Qxd5 13. Bxd5 Rxb2 14. Na3 Ba6 15. 0-0-0 Rb4 16. Rhe1 Rfb8 17. Re3 Bb7 18. Bxb7 R4xb7 19. Rd5 Ne6 20. Rb3 g5 21. g3 Rxb3 22. axb3 Rb6 23. Nc4 Ra6 24. Kb2 g4 25. Ra5 Rxa5 26. Nxa5 Kf8 27. Kc3 Ke8 28. Kd3 Kd7 29. Ke4 h5 30. Nc4 Ke7 31. Ne3 Ng5+ 32. Kf5 Nf3 33. Nd5+ Kd8 34. Kf6 c6 35. Nf4 Ke8 36. Nxh5 Nxh2 37. Ng7+ Kf8 38. Nf5 Nf3 39. Ne3 c5 40. Nxg4 a5 41. e6 fxe6 42. Ne5 Nd4 43. Nd7+ Ke8 44. Nxc5 Nxc2 45. Kxe6 Nd4+ 46. Kf6 1-0

[Event "Pardubice Czech op-A 27th"]
[Site "Pardubice"]
[Date "2016.07.22"]
[Round "1"]
[White "Ganguly, Surya Shekhar"]
[Black "Radionov, Timur"]
[Result "1-0"]
[WhiteElo "2676"]
[BlackElo "2285"]
[PlyCount "49"]
[EventDate "2016.07.22"]
[EventType "swiss"]
[EventRounds "9"]
[EventCountry "CZE"]
[SourceTitle "CBM 173 Extra"]
[Source "ChessBase"]
[SourceDate "2016.08.29"]
[SourceVersion "1"]
[SourceVersionDate "2016.08.29"]
[SourceQuality "1"]

1. e4 e5 2. Nf3 Nc6 3. Bc4 Bc5 4. 0-0 Nf6 5. d3 0-0 6. h3 h6 7. Re1 d5 8. exd5 Nxd5 9. Nxe5 Nxe5 10. Rxe5 c6 11. Qf3 Be6 12. c3 Qc7 13. d4 Be7 14. Nd2 Bf6 15. Re1 Bg5 16. Ne4 Bxc1 17. Raxc1 Nf4 18. Bxe6 Nxe6 19. Qg3 Qxg3 20. Nxg3 Rad8 21. Re5 c5 22. d5 Nf4 23. Rd1 b5 24. d6 Rfe8 25. Rxc5 1-0

[Event "Rilton Cup 45th"]
[Site "Stockholm"]
[Date "2016.01.04"]
[Round "8"]
[White "Radionov, Timur"]
[Black "Sagit, Rauan"]
[Result "0-1"]
[WhiteElo "2321"]
[BlackElo "2375"]
[PlyCount "126"]
[EventDate "2015.12.27"]
[EventType "swiss"]
[EventRounds "9"]
[EventCountry "SWE"]
[SourceTitle "EXT 2017"]
[Source "ChessBase"]
[SourceDate "2016.10.25"]
[SourceVersion "1"]
[SourceVersionDate "2016.10.25"]
[SourceQuality "1"]

1. e4 c5 2. Nc3 d6 3. f4 g6 4. Nf3 Bg7 5. Bb5+ Nd7 6. 0-0 a6 7. Bc4 Nb6 8. Be2 d5 9. e5 Bg4 10. d4 Bxf3 11. Bxf3 cxd4 12. Qxd4 e6 13. b3 Ne7 14. Ba3 Nf5 15. Qd2 Bf8 16. Bxf8 Kxf8 17. Ne2 Kg7 18. g4 Nh4 19. Nd4 h5 20. f5 Nxf3+ 21. Rxf3 hxg4 22. f6+ Kg8 23. Rg3 Nd7 24. Qf4 Rh5 25. Re1 Qa5 26. Re2 Rc8 27. Rxg4 Rc3 28. Rh4 Rh3 29. Rxh3 Rxh3 30. Kg2 Rh5 31. Nf3 Qb5 32. c4 dxc4 33. Qxc4 Qxc4 34. bxc4 Kf8 35. h4 Rf5 36. Kg3 Ke8 37. Rb2 Nc5 38. Re2 Kd7 39. Ng5 Ke8 40. Ne4 Nxe4+ 41. Rxe4 Kd7 42. Re1 Kc6 43. a4 b6 44. Kg4 a5 45. Re2 Kc5 46. Rb2 Rxe5 47. Rb5+ Kd4 48. Rxb6 Rf5 49. Rb7 Rxf6 50. c5 Kxc5 51. Rb5+ Kd4 52. Rxa5 e5 53. Ra7 e4 54. Rd7+ Kc3 55. a5 e3 56. Rc7+ Kd2 57. Rd7+ Ke1 58. a6 Rxa6 59. Rxf7 Re6 60. Kg5 e2 61. Rf8 Kd1 62. Rd8+ Kc2 63. Rc8+ Kd2 0-1

[Event "Rilton Cup 45th"]
[Site "Stockholm"]
[Date "2016.01.03"]
[Round "7"]
[White "Westerberg, Jonathan"]
[Black "Radionov, Timur"]
[Result "1-0"]
[WhiteElo "2497"]
[BlackElo "2321"]
[PlyCount "107"]
[EventDate "2015.12.27"]
[EventType "swiss"]
[EventRounds "9"]
[EventCountry "SWE"]
[SourceTitle "CBM 170 Extra"]
[Source "ChessBase"]
[SourceDate "2016.02.25"]
[SourceVersion "1"]
[SourceVersionDate "2016.02.25"]
[SourceQuality "1"]

1. d4 Nf6 2. Nf3 g6 3. b4 Bg7 4. Bb2 0-0 5. c4 d5 6. e3 Bf5 7. Nbd2 c6 8. Be2 Ne4 9. 0-0 Nd7 10. Nxe4 Bxe4 11. Ng5 Bf5 12. cxd5 cxd5 13. g4 e5 14. dxe5 Nxe5 15. f4 Nxg4 16. Bxg7 Nxe3 17. Qd4 Nc2 18. Qf6 Qxf6 19. Bxf6 Nxa1 20. Rxa1 Rfe8 21. Bb5 Rec8 22. Nf3 a6 23. Bf1 Rc6 24. Bd4 Rac8 25. Bc5 Be4 26. Ne5 Rf6 27. Bh3 Bf5 28. Nd7 Re6 29. Bxf5 gxf5 30. Rd1 b6 31. Nxb6 Rce8 32. Nxd5 Re1+ 33. Rxe1 Rxe1+ 34. Kf2 Ra1 35. Ne7+ Kf8 36. Nxf5+ Ke8 37. Nd6+ Ke7 38. Ne4+ Ke6 39. Nc3 Kf5 40. Be3 Rh1 41. Kg2 Re1 42. Bd2 Ra1 43. a4 Ra3 44. Kf3 Rb3 45. b5 axb5 46. axb5 Rb2 47. Ke3 Kg4 48. Kd3 h5 49. Bc1 Rb4 50. Ba3 Rxf4 51. b6 Rf6 52. Nd5 Re6 53. b7 Re8 54. Nf6+ 1-0

[Event "Rilton Cup 45th"]
[Site "Stockholm"]
[Date "2016.01.01"]
[Round "5"]
[White "Storme, Isak"]
[Black "Radionov, Timur"]
[Result "0-1"]
[WhiteElo "1864"]
[BlackElo "2321"]
[PlyCount "86"]
[EventDate "2015.12.27"]
[EventType "swiss"]
[EventRounds "9"]
[EventCountry "SWE"]
[SourceTitle "CBM 170 Extra"]
[Source "ChessBase"]
[SourceDate "2016.02.25"]
[SourceVersion "1"]
[SourceVersionDate "2016.02.25"]
[SourceQuality "1"]

1. b3 e5 2. Bb2 Nc6 3. e3 Bd6 4. Na3 Nf6 5. Nc4 0-0 6. Nxd6 cxd6 7. g3 Re8 8. Bg2 d5 9. Ne2 d6 10. 0-0 Be6 11. d3 Qd7 12. c4 Bh3 13. Nc3 d4 14. Nd5 Nxd5 15. cxd5 Bxg2 16. Kxg2 Nb4 17. exd4 Nxd5 18. Qf3 Qb5 19. Rfe1 Nb4 20. Red1 exd4 21. Qg4 Qd5+ 22. Qf3 Qb5 23. Qg4 Qd5+ 24. Qf3 Qxf3+ 25. Kxf3 Nc6 26. Rac1 Re6 27. Rd2 Rae8 28. Kg2 Re1 29. Rxe1 Rxe1 30. Kf3 Kf8 31. Ba3 Ke7 32. Bb2 Ke6 33. b4 Kd5 34. b5 Ne5+ 35. Kg2 Rb1 36. h4 Nxd3 37. Rxd3 Rxb2 38. Ra3 Rxb5 39. Rxa7 d3 40. Kf3 Kd4 41. Ra3 Rf5+ 42. Kg2 d2 43. Ra6 bxa6 0-1

[Event "Rilton Cup 45th"]
[Site "Stockholm"]
[Date "2015.12.30"]
[Round "4"]
[White "Radionov, Timur"]
[Black "Lindgren, Philip"]
[Result "0-1"]
[WhiteElo "2321"]
[BlackElo "2418"]
[PlyCount "50"]
[EventDate "2015.12.27"]
[EventType "swiss"]
[EventRounds "9"]
[EventCountry "SWE"]
[SourceTitle "CBM 170 Extra"]
[Source "ChessBase"]
[SourceDate "2016.02.25"]
[SourceVersion "1"]
[SourceVersionDate "2016.02.25"]
[SourceQuality "1"]

1. e4 e5 2. Nf3 Nc6 3. d4 exd4 4. Bc4 Nf6 5. e5 Ng4 6. 0-0 Be7 7. Bf4 f6 8. exf6 Nxf6 9. Re1 d5 10. Bb5 Bg4 11. Qe2 Ne4 12. Nbd2 0-0 13. Bg3 Bb4 14. Nxe4 Bxe1 15. Rxe1 Re8 16. Qd2 dxe4 17. Bxc6 bxc6 18. Ne5 Bf5 19. Qf4 Bg6 20. Nxc6 Qd7 21. Ne5 Qd6 22. h4 Qf6 23. Nxg6 Qxg6 24. h5 Qxh5 25. Rxe4 Rxe4 0-1

[Event "Rilton Cup 45th"]
[Site "Stockholm"]
[Date "2015.12.27"]
[Round "1"]
[White "Petersson, Baldur Teodor"]
[Black "Radionov, Timur"]
[Result "0-1"]
[WhiteElo "1870"]
[BlackElo "2321"]
[PlyCount "82"]
[EventDate "2015.12.27"]
[EventType "swiss"]
[EventRounds "9"]
[EventCountry "SWE"]
[SourceTitle "CBM 170 Extra"]
[Source "ChessBase"]
[SourceDate "2016.02.25"]
[SourceVersion "1"]
[SourceVersionDate "2016.02.25"]
[SourceQuality "1"]

1. e4 e5 2. Nf3 Nc6 3. Bc4 Bc5 4. c3 Nf6 5. d4 exd4 6. cxd4 Bb4+ 7. Nc3 Nxe4 8. 0-0 Bxc3 9. d5 Bf6 10. Re1 Ne7 11. Rxe4 d6 12. Bg5 Bxg5 13. Nxg5 h6 14. Qe2 hxg5 15. Re1 Be6 16. dxe6 f6 17. Re3 c6 18. Rh3 Rxh3 19. gxh3 g6 20. Bd3 Qa5 21. a3 0-0-0 22. Qd1 Rh8 23. Re3 Qc5 24. b4 Qd4 25. b5 c5 26. Qb3 Rh4 27. b6 Qa4 28. bxa7 Qxa7 29. Qb5 Qa4 30. Qb6 Qc6 31. Qb2 Rd4 32. f3 Qd5 33. Qb5 Qc6 34. Qb2 Kc7 35. Bb5 Qd5 36. Qc3 Rd1+ 37. Bf1 Qd4 38. Qxd4 Rxd4 39. Kf2 Rd2+ 40. Be2 d5 41. Ke1 Rb2 0-1

[Event "Prague Summer op 2nd"]
[Site "Prague"]
[Date "2015.08.11"]
[Round "6"]
[White "Radionov, Timur"]
[Black "Svidinsky, Dmitry"]
[Result "1/2-1/2"]
[WhiteElo "1991"]
[BlackElo "2089"]
[PlyCount "69"]
[EventDate "2015.08.07"]
[EventType "swiss"]
[EventRounds "9"]
[EventCountry "CZE"]
[SourceTitle "CBM 167 Extra"]
[Source "ChessBase"]
[SourceDate "2015.09.14"]
[SourceVersion "1"]
[SourceVersionDate "2015.09.14"]
[SourceQuality "1"]

1. e4 c6 2. d4 d5 3. exd5 cxd5 4. Bd3 Nc6 5. c3 Qc7 6. Ne2 Nf6 7. Bf4 Qb6 8. Na3 Nh5 9. Qb3 Nxf4 10. Nxf4 Qxb3 11. axb3 e6 12. Nb5 Kd8 13. 0-0 Bd7 14. b4 a6 15. Rfe1 Rc8 16. Na3 Na7 17. Nh5 Bc6 18. Ra2 g6 19. Ng3 Bd6 20. b5 Nxb5 21. Nxb5 axb5 22. Ra7 Re8 23. Rd1 Kc7 24. Rda1 e5 25. dxe5 Rxe5 26. b4 Rce8 27. Kf1 R5e7 28. Ne2 Be5 29. R7a5 Kb6 30. Rc1 Rd8 31. Nd4 Bxd4 32. cxd4 Ree8 33. Rc5 f5 34. g3 Re7 35. Rc1 1/2-1/2

[Event "Prague Summer op 2nd"]
[Site "Prague"]
[Date "2015.08.09"]
[Round "4"]
[White "Radionov, Timur"]
[Black "Chudinovskih, Alexander N"]
[Result "1-0"]
[WhiteElo "1991"]
[BlackElo "2275"]
[PlyCount "83"]
[EventDate "2015.08.07"]
[EventType "swiss"]
[EventRounds "9"]
[EventCountry "CZE"]
[SourceTitle "CBM 167 Extra"]
[Source "ChessBase"]
[SourceDate "2015.09.14"]
[SourceVersion "1"]
[SourceVersionDate "2015.09.14"]
[SourceQuality "1"]

1. e4 g6 2. d4 Bg7 3. Nc3 a6 4. a4 d6 5. Bc4 Nf6 6. Nge2 0-0 7. 0-0 Nxe4 8. Bxf7+ Rxf7 9. Nxe4 h6 10. d5 Nd7 11. Nf4 Nf8 12. Re1 Kh7 13. Ra3 Be5 14. Nd3 Bg7 15. Nf4 Be5 16. Nh3 Bg7 17. Nhg5+ hxg5 18. Nxg5+ Kg8 19. Nxf7 Kxf7 20. Bg5 Bf6 21. Bxf6 exf6 22. Rae3 Qd7 23. Qe2 Qg4 24. Re7+ Kg8 25. Qe3 Qg5 26. Qxg5 fxg5 27. Rxc7 Bd7 28. Rxb7 Kf7 29. Rb6 Bxa4 30. b3 Be8 31. Rxd6 Nd7 32. Rc6 a5 33. c4 Rb8 34. c5 Rb5 35. Rc8 Nf6 36. d6 Rxb3 37. h3 Rd3 38. Re7+ Kf8 39. Re6 Kf7 40. Rxf6+ Kxf6 41. Rxe8 Rd5 42. c6 1-0

[Event "Milan Expo op"]
[Site "Milan"]
[Date "2015.06.27"]
[Round "8"]
[White "Radionov, Timur"]
[Black "Siraco, Maurizio"]
[Result "1-0"]
[WhiteElo "1884"]
[BlackElo "2138"]
[PlyCount "81"]
[EventDate "2015.06.20"]
[EventType "swiss"]
[EventRounds "9"]
[EventCountry "ITA"]
[SourceTitle "CBM 167 Extra"]
[Source "ChessBase"]
[SourceDate "2015.09.14"]
[SourceVersion "1"]
[SourceVersionDate "2015.09.14"]
[SourceQuality "1"]

1. e4 c5 2. Nc3 Nc6 3. f4 g6 4. Nf3 Bg7 5. Bb5 Nd4 6. 0-0 a6 7. Bd3 d6 8. Nxd4 cxd4 9. Ne2 Nf6 10. Qe1 0-0 11. b3 Bd7 12. Bb2 e5 13. Ba3 Ne8 14. fxe5 Bxe5 15. Bb2 Nf6 16. Bxd4 Bxd4+ 17. Nxd4 Qb6 18. c3 Ng4 19. Qg3 Rae8 20. h3 Ne5 21. Rf6 Kg7 22. Raf1 Re6 23. Rxe6 Bxe6 24. Qf2 Kg8 25. Nxe6 Qxf2+ 26. Rxf2 fxe6 27. Rxf8+ Kxf8 28. Be2 Ke7 29. Kf2 Kf6 30. Ke3 Nc6 31. d4 Nb8 32. a4 e5 33. d5 Nd7 34. b4 Nb6 35. a5 Nd7 36. Bg4 Ke7 37. Bxd7 Kxd7 38. c4 h5 39. g4 hxg4 40. h4 Kc7 41. c5 1-0

[Event "Novokuznetsk SFO-ch U17"]
[Site "Novokuznetsk"]
[Date "2014.11.09"]
[Round "8"]
[White "Shnajder, Mark"]
[Black "Radionov, Timur"]
[Result "1-0"]
[WhiteElo "1884"]
[BlackElo "1913"]
[PlyCount "119"]
[EventDate "2014.11.02"]
[EventType "swiss"]
[EventRounds "9"]
[EventCountry "RUS"]
[SourceTitle "CBM 163 Extra"]
[Source "ChessBase"]
[SourceDate "2014.12.23"]
[SourceVersion "1"]
[SourceVersionDate "2014.12.23"]
[SourceQuality "1"]

1. d4 Nf6 2. c4 g6 3. Nc3 Bg7 4. e4 d6 5. Nf3 0-0 6. Be2 e5 7. 0-0 Nc6 8. d5 Ne7 9. Ne1 Nd7 10. Be3 f5 11. f3 f4 12. Bf2 g5 13. a4 a5 14. Nd3 b6 15. Be1 Nf6 16. Nb5 g4 17. b4 axb4 18. Nxb4 g3 19. hxg3 fxg3 20. Bxg3 Ng6 21. Nc6 Qd7 22. Qd2 Nh5 23. Bh2 Nhf4 24. Kf2 Bh6 25. Bxf4 Nxf4 26. Qc2 Bb7 27. Rh1 Qg7 28. Rag1 Bxc6 29. dxc6 Ne6 30. g3 Bg5 31. Bd1 Nc5 32. Nc3 Qf7 33. Qe2 Qe8 34. Ke1 Ne6 35. Qh2 Qf7 36. f4 Bf6 37. Nd5 Qg7 38. f5 Ng5 39. Qe2 Ra5 40. Rh5 h6 41. Qg4 Kh7 42. Rgh1 Nf7 43. Qxg7+ Bxg7 44. f6 Bh8 45. Bg4 Rxd5 46. Bf5+ Kg8 47. cxd5 Bxf6 48. Be6 Bg5 49. Rf1 Kg7 50. Rxf7+ Rxf7 51. Bxf7 Kxf7 52. Rh2 Ke7 53. Ra2 Be3 54. a5 bxa5 55. Rxa5 Kf6 56. Ke2 Bd4 57. Ra8 Kg6 58. Rb8 Bc3 59. Kf3 Bd2 60. Ra8 1-0

[Event "Novokuznetsk SFO-ch U17"]
[Site "Novokuznetsk"]
[Date "2014.11.08"]
[Round "7"]
[White "Radionov, Timur"]
[Black "Silin, Sergei"]
[Result "1/2-1/2"]
[WhiteElo "1913"]
[BlackElo "1989"]
[PlyCount "57"]
[EventDate "2014.11.02"]
[EventType "swiss"]
[EventRounds "9"]
[EventCountry "RUS"]
[SourceTitle "CBM 163 Extra"]
[Source "ChessBase"]
[SourceDate "2014.12.23"]
[SourceVersion "1"]
[SourceVersionDate "2014.12.23"]
[SourceQuality "1"]

1. e4 c5 2. Nc3 Nc6 3. f4 g6 4. Nf3 Bg7 5. Bb5 Nd4 6. 0-0 Nxb5 7. Nxb5 Nf6 8. d3 d5 9. e5 Nd7 10. e6 fxe6 11. Ng5 Nf6 12. Qe2 Qb6 13. Nc3 h6 14. Nf3 0-0 15. Ne5 Kh7 16. Qf2 Bd7 17. Ne2 Be8 18. Qh4 Qd6 19. Bd2 b5 20. Rad1 a5 21. Rf3 Ng8 22. Kh1 d4 23. Ng1 Bf6 24. Qg4 Qd5 25. Rg3 h5 26. Qf3 Qxf3 27. Ngxf3 Nh6 28. Ng5+ Bxg5 29. Rxg5 1/2-1/2

[Event "Novokuznetsk SFO-ch U17"]
[Site "Novokuznetsk"]
[Date "2014.11.04"]
[Round "3"]
[White "Komov, Roman"]
[Black "Radionov, Timur"]
[Result "1-0"]
[WhiteElo "2000"]
[BlackElo "1913"]
[PlyCount "101"]
[EventDate "2014.11.02"]
[EventType "swiss"]
[EventRounds "9"]
[EventCountry "RUS"]
[SourceTitle "CBM 163 Extra"]
[Source "ChessBase"]
[SourceDate "2014.12.23"]
[SourceVersion "1"]
[SourceVersionDate "2014.12.23"]
[SourceQuality "1"]

1. d4 Nf6 2. Nf3 g6 3. c4 c5 4. d5 b5 5. cxb5 a6 6. b6 d6 7. Nc3 Nbd7 8. e4 Bg7 9. Be2 0-0 10. h3 Nxb6 11. 0-0 e6 12. dxe6 fxe6 13. Bg5 Qc7 14. e5 Nfd5 15. Ne4 dxe5 16. Rc1 Nd7 17. Nfd2 Re8 18. Nc4 Bf8 19. Bf3 Bb7 20. Qd2 a5 21. h4 N7b6 22. Nxb6 Qxb6 23. h5 Rab8 24. hxg6 hxg6 25. Rfd1 Be7 26. Bxe7 Rxe7 27. Qg5 Rg7 28. Qxe5 Bc8 29. Rxc5 Bd7 30. b3 a4 31. bxa4 Bxa4 32. Rdc1 Bd7 33. Nf6+ Nxf6 34. Qxf6 Qa6 35. Bc6 Rf8 36. Qb2 Bc8 37. Bb5 Qb7 38. Qc2 Bd7 39. Bxd7 Qxd7 40. a4 Qd4 41. a5 g5 42. Rc8 Qf6 43. Rxf8+ Qxf8 44. a6 Qe7 45. Qc8+ Kh7 46. Qc2+ Kg8 47. Ra1 Qe8 48. Qc5 g4 49. a7 Qa8 50. Qb6 Kf7 51. Qc7+ 1-0

[Event "Novokuznetsk SFO-ch U17"]
[Site "Novokuznetsk"]
[Date "2014.11.02"]
[Round "1"]
[White "Lapin, Vladislav"]
[Black "Radionov, Timur"]
[Result "0-1"]
[WhiteElo "800"]
[BlackElo "1913"]
[PlyCount "56"]
[EventDate "2014.11.02"]
[EventType "swiss"]
[EventRounds "9"]
[EventCountry "RUS"]
[SourceTitle "CBM 163 Extra"]
[Source "ChessBase"]
[SourceDate "2014.12.23"]
[SourceVersion "1"]
[SourceVersionDate "2014.12.23"]
[SourceQuality "1"]

1. e4 e5 2. Nf3 Nc6 3. Bc4 Bc5 4. b4 Bxb4 5. c3 Ba5 6. 0-0 Nf6 7. Bd5 0-0 8. Bxc6 bxc6 9. Nxe5 Bb6 10. d3 Re8 11. Bf4 Bb7 12. Nd2 d6 13. Nec4 Nd7 14. Be3 d5 15. Nxb6 axb6 16. f3 Ba6 17. Nb3 Ne5 18. Nc1 Qe7 19. Rf2 dxe4 20. fxe4 Rad8 21. Bd4 c5 22. Bxe5 Qxe5 23. Qf3 Re7 24. Rc2 Red7 25. d4 cxd4 26. cxd4 Qxd4+ 27. Kh1 Qd1+ 28. Qxd1 Rxd1# 0-1

[Event "Prague Summer op 1st"]
[Site "Prague"]
[Date "2014.08.11"]
[Round "3"]
[White "Ilandzis, Spyridon"]
[Black "Radionov, Timur"]
[Result "1/2-1/2"]
[WhiteElo "2110"]
[BlackElo "1817"]
[PlyCount "112"]
[EventDate "2014.08.09"]
[EventType "swiss"]
[EventRounds "9"]
[EventCountry "CZE"]
[SourceTitle "CBM 162 Extra"]
[Source "ChessBase"]
[SourceDate "2014.10.17"]
[SourceVersion "1"]
[SourceVersionDate "2014.10.17"]
[SourceQuality "1"]

1. d4 Nf6 2. c4 c5 3. d5 b5 4. Nf3 g6 5. cxb5 a6 6. Qc2 d6 7. e4 Bg7 8. bxa6 Bxa6 9. Bxa6 Nxa6 10. Nc3 0-0 11. 0-0 Nb4 12. Qe2 Qb6 13. Bg5 h6 14. Bh4 Qa6 15. Qxa6 Rxa6 16. Rfd1 g5 17. Bg3 Nh5 18. Rd2 Rfa8 19. h4 Nxg3 20. fxg3 g4 21. Nh2 h5 22. a3 c4 23. Rf1 Nd3 24. Nd1 Nxb2 25. Rxb2 Bxb2 26. Nxb2 c3 27. Nc4 Rc8 28. Ne3 Rxa3 29. Rc1 Ra4 30. Nd1 Rxe4 31. Rxc3 Rxc3 32. Nxc3 Re3 33. Nb5 Rxg3 34. Nd4 Re3 35. Nf1 Rd3 36. Nf5 Kf8 37. N5e3 g3 38. Nf5 Rxd5 39. N5xg3 Rd4 40. Nf5 Rf4 41. N1e3 e6 42. Nxd6 Rxh4 43. Kf2 f5 44. Kf3 Re4 45. Nb5 Rb4 46. Nc3 Kf7 47. Ne2 Rb3 48. Nd4 Rd3 49. Nc6 Kf6 50. Ke2 Rd6 51. Nb4 f4 52. Nf1 e5 53. Nd3 Kf5 54. Nd2 Rg6 55. Kf1 e4 56. Nc5 f3 1/2-1/2